| 000 | 00705nam a2200193Ia 4500 | ||
|---|---|---|---|
| 003 | GCL | ||
| 008 | 140319s9999 xx 000 0 ara d | ||
| 040 |
_aGCL / _cGCL |
||
| 082 | 0 | 4 |
_a460 _bع ت |
| 100 | 1 | _aعبدالملك احمد سلطان | |
| 245 | 1 | 0 |
_aتعليم الاسبانية للجميع : _bمحادثة - تعابير - مصطلحات / _cعبدالملك احمد سلطان |
| 250 | _aالاولى | ||
| 260 |
_aسوريا : _bدار القلم العربى ، _c2000 |
||
| 300 |
_a240 ص ؛ _c20 سم |
||
| 490 |
_aاللغات للجميع _v0 |
||
| 650 | 0 | 4 | _aاللغة الاسبانية |
| 650 | 0 | 4 | _aاللغة الاسبانية - تعليم وتدريس |
| 942 |
_2ddc _cBK |
||
| 999 |
_c44561 _d44561 |
||